| 000 | 01378nam a2200325 i 4500 | ||
|---|---|---|---|
| 001 | 768714001 | ||
| 003 | CO-MdFUSB | ||
| 005 | 20221122105524.0 | ||
| 007 | ta | ||
| 008 | 220829b ||||| |||| 00| 0 eng d | ||
| 020 | _a1859640869 | ||
| 040 |
_aCO-MdFUSB _bspa _cCO-MdFUSB _dCO-MdFUSBC _erda |
||
| 041 | _aeng | ||
| 082 |
_223 _a297.122521 _bIN61 |
||
| 242 |
_aUna interpretación del Corán _b: Traducción al inglés de los significados. Una edición bilingüe. |
||
| 245 |
_aAn interpretatin of the Qur'an : _benglish translation of the meanings a bilngual edition _c/ traducido por Majid Fakhry |
||
| 264 | 1 |
_aReino Unido : _bGarnet Publishing, _c[2000] |
|
| 264 | 4 | _c© 2000 | |
| 300 |
_a645 páginas _c; 25 cm |
||
| 336 |
_2rdacontent _atexto _btxt |
||
| 337 |
_2rdamedia _asin mediación _bn |
||
| 338 |
_2rdacarrier _avolumen _bnc |
||
| 520 | _aPara los seguidores del Islam, el Corán es la palabra literal de Dios, revelada a través de Mahoma, el último de la línea de profetas. Es la expresión de la voluntad de Dios. Este trabajo presenta una traducción completa y precisa del Corán al inglés moderno. Es adecuado para aquellos interesados en el Islam. | ||
| 563 | _aPasta dura | ||
| 653 | _aCorán -- traducción. | ||
| 700 |
_97538 _aFakhry, Majid, _etraductor |
||
| 942 | _cBK | ||
| 945 | _aJTF-925 | ||
| 999 |
_c68105 _d68105 |
||